Exposición Lola Anglada : sala de 'El Tinell' : catálogo / [redactat per Ma del Carmen Ribé y Teresa Rovira] sala de 'El Tinell' :
Descripción Física:
[30] p. : il. ; 21 cm
MARC
| LEADER | 00000nam a2200000Ia 4500 | ||
|---|---|---|---|
| 001 | 8007 | ||
| 003 | BGR | ||
| 005 | 20260324175558.0 | ||
| 008 | 160829s1973 xx 000 0 cat d | ||
| 080 | |a FU-7-28 | ||
| 100 | |a Anglada, Lola, |d 1892-1984 |9 31110 | ||
| 245 | |a Exposición Lola Anglada : |b sala de 'El Tinell' : |b catálogo / [redactat per Ma del Carmen Ribé y Teresa Rovira] | ||
| 260 | |a Barcelona : |b [Diputación Provincial de Barcelona], |c 1973 | ||
| 300 | |a [30] p. : |b il. ; |c 21 cm | ||
| 590 | |a Càtaleg de l'exposició presentada per l'Instituto Nacional del Libro Español coincidint amb la XIII Exposición de Libros Infantiles y Juveniles | ||
| 600 | 1 | 0 | |a Anglada, Lola, |d 1892-1984 |v Exposicions |9 53172 |
| 650 | |a Il·lustradors |x Catalunya |x Exposicions |9 33475 | ||
| 700 | |a Ribé, Maria Carme |9 33476 | ||
| 700 | |a Rovira, Teresa |9 33477 | ||
| 710 | 1 | |a Instituto Nacional del Libro Español |9 71197 | |
| 901 | |a Arxiu | ||
| 942 | |n 1 |2 udc |c MON | ||
| 952 | |0 0 |1 0 |4 0 |6 FU728 |7 1 |9 46306 |a Arxiu |b Arxiu |d 2016-12-01 |l 0 |o FU-7-28 |p 8007 |r 2016-12-01 00:00:00 |w 2016-12-01 |y ARXIU | ||
| 999 | |c 49813 |d 49813 | ||